000 00571nam a2200169Ia 4500
008 090201s9999 xx 000 0 und d
010 _aKPL-61074
040 _bमराठी
041 _aमराठी
082 _a931
_b61074
100 _aउषा परांडे
245 _aटेम्सच्या लाला लहरी
_cउषा परांडे
260 _c2004
_bशांती पब्लिकेशन्स
300 _a240
_bमोठा
600 _aटेम्सच्या लाला लहरी
942 _cBOOK
999 _c202041
_d202041